| 000 | 01465nam a2200349 a 4500 | ||
|---|---|---|---|
| 001 | ebr10040220 | ||
| 003 | CaPaEBR | ||
| 006 | m u | ||
| 007 | cr cn||||||||| | ||
| 008 | 950111s1996 nyu sb s001 0 eng | ||
| 010 | _z 95000797 | ||
| 020 | _z079142703X | ||
| 020 | _z0791427048 | ||
| 040 |
_aCaPaEBR _cCaPaEBR |
||
| 035 | _a(OCoLC)614668202 | ||
| 050 | 1 | 4 |
_aLB2342 _b.M76 1996eb |
| 082 | 0 | 4 |
_a378/.02 _220 |
| 100 | 1 |
_aMumper, Michael, _d1954- |
|
| 245 | 1 | 0 |
_aRemoving college price barriers _h[electronic resource] : _bwhat government has done and why it hasn't worked / _cMichael Mumper. |
| 260 |
_aAlbany : _bState University of New York Press, _cc1996. |
||
| 300 | _axxi, 304 p. | ||
| 490 | 1 | _aSUNY series, social context of education | |
| 504 | _aIncludes bibliographical references (p. 265-295) and index. | ||
| 533 |
_aElectronic reproduction. _bPalo Alto, Calif. : _cebrary, _d2013. _nAvailable via World Wide Web. _nAccess may be limited to ebrary affiliated libraries. |
||
| 650 | 0 |
_aUniversities and colleges _zUnited States _xFinance. |
|
| 650 | 0 |
_aFederal aid to higher education _zUnited States. |
|
| 650 | 0 |
_aGovernment aid to higher education _zUnited States. |
|
| 655 | 7 |
_aElectronic books. _2local |
|
| 710 | 2 | _aebrary, Inc. | |
| 830 | 0 | _aSUNY series, social context of education. | |
| 856 | 4 | 0 |
_uhttp://site.ebrary.com/lib/rucke/Doc?id=10040220 _zAn electronic book accessible through the World Wide Web; click to view |
| 999 |
_c60481 _d60481 |
||